[Event "Elit(Rockaden, Stockholm-Stockholms SS)"]
[Site "?"]
[Date "2025.01.18"]
[Round "5"]
[White "Neiksans, Arturs"]
[Black "Westerberg, Jonathan"]
[Result "1/2-1/2"]
[WhiteElo "2566"]
[BlackElo "2470"]
[PlyCount "104"]
[SourceVersionDate "2025.01.29"]

1. Nf3 d5 2. g3 g6 3. Bg2 Bg7 4. d4 Nf6 5. O-O O-O 6. c4 e6 7. Nc3 b6 8. cxd5 exd5 9. Bf4 Bb7 10. Rc1 Na6 11. Qa4 c5 12. Rfd1 Qe7 13. Bg5 Nc7 14. e3 Rfd8 15. dxc5 bxc5 16. Ne1 h6 17. Bxf6 Bxf6 18. Qa5 Bc6 19. Nd3 Ne6 20. Nf4 Nxf4 21. gxf4 Bxc3 22. Qxc3 d4 23. exd4 Bxg2 24. Kxg2 Qe6 25. d5 Rxd5 26. Rxd5 Qxd5+ 27. Qf3 Rd8 28. Qxd5 Rxd5 29. Kf3 Rd2 30. Rxc5 Rxb2 31. Ra5 Rb7 32. f5 Kg7 33. fxg6 fxg6 34. Ra6 Rf7+ 35. Kg3 Re7 36. h4 h5 37. a4 Rf7 38. Rc6 Kh6 39. a5 Rf5 40. Ra6 Rf7 41. f4 Kg7 42. Kf3 Kh6 43. Ke4 Re7+ 44. Kd5 Rf7 45. Ke5 Kg7 46. Ke4 Re7+ 47. Kf3 Rf7 48. Rd6 Rc7 49. Ra6 Rb7 50. Ke4 Re7+ 51. Kf3 Rb7 52. Ke4 Re7+ 1/2-1/2

[Event "Elit(SS 4 Springare-Kristallen)"]
[Site "?"]
[Date "2025.01.18"]
[Round "5"]
[White "Seiger, Vidar"]
[Black "Walinder, Lars"]
[Result "1-0"]
[WhiteElo "2164"]
[BlackElo "2209"]
[PlyCount "139"]
[SourceVersionDate "2025.01.30"]

1. Nf3 d5 2. g3 Bg4 3. Bg2 Nd7 4. c4 c6 5. cxd5 cxd5 6. Qa4 Bxf3 7. Bxf3 Ngf6 8. Nc3 e6 9. O-O Be7 10. d4 O-O 11. Bf4 Nb6 12. Qb3 Bd6 13. Bxd6 Qxd6 14. Rfc1 a6 15. e3 Nc4 16. Qc2 Rac8 17. b3 Na3 18. Qd3 b5 19. e4 dxe4 20. Nxe4 Nxe4 21. Bxe4 g6 22. h4 Rfd8 23. Rxc8 Rxc8 24. h5 Rc7 25. Kg2 Nc2 26. Rd1 f5 27. Bf3 Nb4 28. Qe3 Nd5 29. Qd2 f4 30. hxg6 hxg6 31. Qe1 Rf7 32. Qe2 Rf6 33. g4 Nc3 34. Qd2 b4 35. a3 Nd5 36. axb4 Qxb4 37. Qxb4 Nxb4 38. Be4 Kg7 39. Ra1 Rf7 40. Ra4 f3+ 41. Kg3 a5 42. Rxa5 Rd7 43. Rg5 Rxd4 44. Kxf3 Nd5 45. Rxg6+ Kf7 46. Rg5 Nf6 47. Re5 Rb4 48. Bc2 Nxg4 49. Re4 Rxe4 50. Bxe4 Nf6 51. b4 Ke7 52. b5 Nd7 53. Ke3 Kd6 54. Kd4 Nb6 55. Bc6 Nc8 56. Kc4 Nb6+ 57. Kb4 Nc8 58. Ka5 Kc7 59. f4 Nb6 60. Ka6 Nc8 61. Bf3 Nb6 62. Bg4 Nd5 63. Ka7 Kd6 64. Bf3 Ne7 65. b6 Nc8+ 66. Kb7 Kd7 67. Bc6+ Kd8 68. Ka6 Ne7 69. Be4 Kd7 70. b7 1-0

[Event "Elit(LASK-Vaxjo)"]
[Site "?"]
[Date "2025.01.18"]
[Round "5"]
[White "Storme, Isak"]
[Black "Sumets, Andrey"]
[Result "0-1"]
[WhiteElo "2455"]
[BlackElo "2511"]
[PlyCount "126"]
[SourceVersionDate "2025.01.31"]

1. d4 d5 2. c4 e6 3. Nf3 Nf6 4. g3 Bb4+ 5. Nbd2 O-O 6. a3 Bxd2+ 7. Bxd2 dxc4 8. Bg2 Bd7 9. Qc2 Bc6 10. Qxc4 Bd5 11. Qd3 Be4 12. Qb3 Nc6 13. Bc3 a5 14. O-O a4 15. Qc4 Qd5 16. Qxd5 exd5 17. Rfc1 Rfe8 18. Bh3 Bxf3 19. exf3 Re7 20. Bf1 Ne8 21. Bd3 Nd6 22. Kg2 g6 23. Re1 Kf8 24. g4 Ke8 25. h4 Kd7 26. Kg3 Rxe1 27. Rxe1 Na7 28. Kf4 f6 29. h5 g5+ 30. Kg3 h6 31. f4 Nab5 32. fxg5 fxg5 33. Re5 Nxc3 34. bxc3 c6 35. f4 gxf4+ 36. Kxf4 Rf8+ 37. Bf5+ Kc7 38. Re7+ Kb6 39. Re6 Nb5 40. Rxh6 Nxa3 41. g5 Nb5 42. Re6 a3 43. g6 Nd6 44. Rxd6 a2 45. g7 Rg8 46. h6 a1=Q 47. Ke5 Qxc3 48. Kf6 Qe3 49. Kg6 Qg3+ 50. Kf7 Qxd6 51. Kxg8 Qxh6 52. Kf7 Qf4 53. Kg6 Qxd4 54. g8=Q Qg1+ 55. Kf7 Qxg8+ 56. Kxg8 c5 57. Kf7 c4 58. Ke6 Kc5 59. Ke5 b5 60. Kf4 Kd4 61. Kf3 Kc3 62. Ke2 d4 63. Kd1 Kb2 0-1

[Event "Elit(Rockaden, Stockholm-Stockholms SS)"]
[Site "?"]
[Date "2025.01.18"]
[Round "5"]
[White "Thorn, Eric"]
[Black "Blomqvist, Erik"]
[Result "1/2-1/2"]
[WhiteElo "2345"]
[BlackElo "2481"]
[PlyCount "109"]
[SourceVersionDate "2025.01.29"]

1. d4 Nf6 2. c4 e6 3. Nf3 d5 4. Nc3 c6 5. Bg5 Nbd7 6. e3 h6 7. Bxf6 Nxf6 8. Bd3 g6 9. Qc2 Bg7 10. O-O O-O 11. Rad1 Qe7 12. Rfe1 dxc4 13. Bxc4 c5 14. b3 a6 15. a4 Rb8 16. d5 exd5 17. Nxd5 Nxd5 18. Bxd5 Be6 19. Qe4 Rfe8 20. Bxe6 Qxe6 21. Qxe6 Rxe6 22. Kf1 b5 23. axb5 axb5 24. Rd5 Bf8 25. Ne5 Be7 26. Rc1 Rc8 27. b4 c4 28. Rxb5 c3 29. Nd3 Ra6 30. Rc2 h5 31. Ke2 Ra3 32. Nf4 Bd6 33. Nd5 Kg7 34. f4 h4 35. Rb7 Rb3 36. Kd3 g5 37. g3 gxf4 38. gxf4 h3 39. e4 Rb1 40. Rd7 Bxf4 41. Nxc3 Rb3 42. Rd5 Bxh2 43. Rh5 Kg6 44. Rxh3 Be5 45. Kd2 Rxb4 46. Ke1 Kg7 47. Rg2+ Kf6 48. Ne2 Rxe4 49. Rb3 Rc2 50. Kd1 Ra2 51. Rb7 Rh4 52. Ke1 Bd4 53. Rb8 Ke7 54. Rb7+ Kf6 55. Ng1 1/2-1/2

[Event "Elit(SS 4 Springare-Kristallen)"]
[Site "?"]
[Date "2025.01.18"]
[Round "5"]
[White "Ral Lustig, Melvin"]
[Black "Gajic, Mladen"]
[Result "1/2-1/2"]
[WhiteElo "2154"]
[BlackElo "2266"]
[PlyCount "77"]
[SourceVersionDate "2025.01.30"]

1. d4 e6 2. c4 f5 3. h4 Nf6 4. h5 b6 5. h6 Bb7 6. Nc3 Nc6 7. Nf3 Na5 8. Ne5 Nc6 9. Nxc6 dxc6 10. hxg7 Bxg7 11. Bg5 Qd6 12. Qd2 O-O-O 13. O-O-O Qb4 14. a3 Qe7 15. Qf4 Qf7 16. f3 h6 17. Bh4 Nh5 18. Qe3 f4 19. Qg1 Rd7 20. e4 fxe3 21. Qxe3 e5 22. dxe5 Rxd1+ 23. Kxd1 Re8 24. f4 Nxf4 25. g3 Qh5+ 26. Kc2 Ne6 27. Bh3 Kb8 28. Re1 c5 29. Kb1 Nd4 30. e6 Qg6+ 31. Ka2 Nc2 32. Qf4 Bxc3 33. Bf5 Qg8 34. Rd1 Nd4 35. bxc3 Nxf5 36. Qxf5 Bc8 37. Qf7 Bxe6 38. Qxe8+ Qxe8 39. Kb3 1/2-1/2

[Event "Elit(LASK-Vaxjo)"]
[Site "?"]
[Date "2025.01.18"]
[Round "5"]
[White "Olofsson-Dolk, Mattis"]
[Black "Kucuksari, Kaan"]
[Result "0-1"]
[WhiteElo "2168"]
[BlackElo "2462"]
[PlyCount "60"]
[SourceVersionDate "2025.01.31"]

1. e4 c6 2. d4 d5 3. e5 c5 4. c3 Nc6 5. Be2 Bf5 6. Nf3 e6 7. O-O Bg4 8. Nbd2 Nh6 9. h3 Bxf3 10. Nxf3 Nf5 11. a4 cxd4 12. Nxd4 Nfxd4 13. cxd4 Be7 14. Be3 O-O 15. Bd3 Rc8 16. h4 Bxh4 17. g3 Bg5 18. Qh5 h6 19. f4 Be7 20. Rf2 Nb4 21. Bb1 Rc4 22. g4 Qe8 23. Qh3 f6 24. exf6 Bxf6 25. g5 Bxd4 26. gxh6 Bxe3 27. Qxe3 Rf6 28. hxg7 Qh5 29. Rh2 Qd1+ 30. Kg2 Nc2 0-1

[Event "Elit(Rockaden, Stockholm-Stockholms SS)"]
[Site "?"]
[Date "2025.01.18"]
[Round "5"]
[White "Barkhagen, Jonas"]
[Black "Tuomainen, Felix"]
[Result "1/2-1/2"]
[WhiteElo "2411"]
[BlackElo "2241"]
[PlyCount "33"]
[SourceVersionDate "2025.01.29"]

1. d4 Nf6 2. c4 e6 3. Nf3 c5 4. d5 exd5 5. cxd5 d6 6. Nc3 g6 7. e4 a6 8. h3 h5 9. Bd3 Bg7 10. a3 O-O 11. O-O Re8 12. Re1 Nbd7 13. Bf4 c4 14. Bc2 Qb6 15. Be3 Nc5 16. Bd4 Nfd7 17. Bxg7 1/2-1/2

[Event "Elit(SS 4 Springare-Kristallen)"]
[Site "?"]
[Date "2025.01.18"]
[Round "5"]
[White "Poley, Vladimir"]
[Black "Ostling, Hakan"]
[Result "1-0"]
[WhiteElo "2271"]
[BlackElo "2140"]
[PlyCount "63"]
[SourceVersionDate "2025.01.30"]

1. Nf3 g6 2. d4 f5 3. g3 Bg7 4. Bg2 Nf6 5. O-O O-O 6. c4 d6 7. Nc3 e6 8. b4 Ne4 9. Qc2 Nc6 10. Nxe4 Nxb4 11. Qb1 fxe4 12. Bg5 Qe8 13. Qxe4 Qc6 14. Qh4 Qe8 15. e4 Nc6 16. Rad1 Rxf3 17. Bxf3 Nxd4 18. Rd3 e5 19. Rc1 Be6 20. Bd1 c5 21. f4 a6 22. g4 Qf7 23. f5 Bd7 24. f6 Bh8 25. Rxd4 cxd4 26. c5 Rc8 27. Rb1 Be6 28. cxd6 Bxa2 29. Rb6 Be6 30. Qg3 h6 31. d7 Bxd7 32. Bb3 1-0

[Event "Elit(LASK-Vaxjo)"]
[Site "?"]
[Date "2025.01.18"]
[Round "5"]
[White "Ahlander, Bjorn"]
[Black "Sevastianov, Andrii"]
[Result "1/2-1/2"]
[WhiteElo "2387"]
[BlackElo "2147"]
[PlyCount "189"]
[SourceVersionDate "2025.01.31"]

1. d4 d5 2. Nf3 Nf6 3. c4 dxc4 4. e3 e6 5. Bxc4 c5 6. O-O Nc6 7. Nc3 a6 8. a4 cxd4 9. exd4 Be7 10. Re1 O-O 11. Bg5 h6 12. Be3 Nb4 13. Qe2 Bd7 14. Ne5 Rc8 15. Rac1 Bc6 16. Bb3 Bd5 17. Nxd5 Nfxd5 18. Bd2 Rxc1 19. Rxc1 Bg5 20. g3 Bxd2 21. Qxd2 Re8 22. h4 Re7 23. Rc4 a5 24. Bd1 Nb6 25. Rc3 N6d5 26. Rc4 Nb6 27. Rc1 Rc7 28. Rxc7 Qxc7 29. b3 N6d5 30. Bh5 g6 31. Bf3 Kg7 32. Nc4 Nf6 33. Kg2 h5 34. Qg5 b6 35. Kf1 Nc6 36. Bxc6 Qxc6 37. Qe5 Qf3 38. Nxb6 Kg8 39. Qe3 Qh1+ 40. Ke2 Ng4 41. Qf4 Qb7 42. Nc4 Qxb3 43. Nd6 f6 44. f3 e5 45. Qc1 Qa2+ 46. Qd2 Qe6 47. Ne4 exd4 48. Qxd4 Ne5 49. Kf2 Qa2+ 50. Nd2 Nc6 51. Qd3 Qf7 52. Qd6 Qa7+ 53. Kg2 Qd4 54. Qe6+ Kg7 55. Ne4 Nd8 56. Qa6 Qb2+ 57. Kh3 Qa1 58. Kg2 Qa2+ 59. Kf1 Qa1+ 60. Ke2 Qe5 61. Kd2 Nf7 62. Qb5 Qd4+ 63. Ke2 f5 64. Ng5 Nxg5 65. hxg5 Qd8 66. f4 Qc7 67. Kd3 h4 68. gxh4 Qxf4 69. Qd7+ Kg8 70. Qe6+ Kg7 71. Qf6+ Kh7 72. Qf7+ Kh8 73. Qf8+ Kh7 74. Qh6+ Kg8 75. Qxg6+ Kf8 76. Qf6+ Kg8 77. g6 Qe4+ 78. Kd2 Qf4+ 79. Ke1 Qe4+ 80. Kf2 Qf4+ 81. Kg2 Qe4+ 82. Kf1 Qf4+ 83. Ke2 Qe4+ 84. Kd2 Qf4+ 85. Kc2 Qxa4+ 86. Kd2 Qf4+ 87. Kc2 Qa4+ 88. Kd2 Qf4+ 89. Kd1 Qa4+ 90. Kc1 Qc4+ 91. Kb2 Qb4+ 92. Ka1 Qa4+ 93. Kb1 Qb4+ 94. Kc1 Qc4+ 95. Kd2 1/2-1/2

[Event "Elit(Rockaden, Stockholm-Stockholms SS)"]
[Site "?"]
[Date "2025.01.18"]
[Round "5"]
[White "Lissang, Christopher"]
[Black "Wiedenkeller, Michael"]
[Result "0-1"]
[WhiteElo "2325"]
[BlackElo "2380"]
[PlyCount "102"]
[SourceVersionDate "2025.01.29"]

1. d4 d5 2. c4 dxc4 3. Nf3 Nf6 4. Nc3 a6 5. e4 b5 6. e5 Nd5 7. a4 e6 8. axb5 Nb6 9. Be2 Be7 10. O-O O-O 11. Qd2 Bb7 12. Qf4 axb5 13. Rxa8 Bxa8 14. Nxb5 Na6 15. Qg4 Kh8 16. h4 Nb4 17. Bg5 h6 18. Be3 Bc6 19. Nc3 Qa8 20. Nd2 Bd5 21. Nde4 Qd8 22. Nxd5 N4xd5 23. Bd2 Qd7 24. Bd1 Na4 25. Bc1 Rb8 26. Qh5 Nxb2 27. Bxh6 gxh6 28. Qxh6+ Kg8 29. Nf6+ Nxf6 30. exf6 Bf8 31. Qg5+ Kh7 32. Bf3 Rb5 33. Be4+ Kh8 34. d5 Rxd5 35. Bxd5 Qxd5 36. Qf4 Qf5 37. Qd4 Nd3 38. g4 Qf4 39. Qxf4 Nxf4 40. Ra1 c3 41. Kf1 Kh7 42. Ke1 Kg6 43. Ra8 Bb4 44. Kd1 Kxf6 45. h5 Nd3 46. h6 Kg6 47. g5 Kh7 48. Kc2 Ne1+ 49. Kd1 c2+ 50. Kc1 Bd6 51. Ra4 Bf4+ 0-1

[Event "Elit(SS 4 Springare-Kristallen)"]
[Site "?"]
[Date "2025.01.18"]
[Round "5"]
[White "Andersson, Goran L"]
[Black "Mattsson, Michael"]
[Result "0-1"]
[WhiteElo "2177"]
[BlackElo "1983"]
[PlyCount "106"]
[SourceVersionDate "2025.01.30"]

1. e4 e5 2. Nf3 Nc6 3. Bb5 a6 4. Ba4 Nf6 5. O-O Be7 6. Re1 b5 7. Bb3 O-O 8. c3 Bb7 9. d4 d6 10. Nbd2 exd4 11. cxd4 Na5 12. Bc2 c5 13. d5 Nd7 14. a4 Bf6 15. axb5 axb5 16. Ra3 b4 17. Rae3 c4 18. e5 Nxe5 19. Nxe5 Bxe5 20. Nxc4 Nxc4 21. Qd3 g6 22. Qxc4 Rc8 23. Qxb4 Rxc2 24. Qxb7 Qc8 25. Qxc8 Rfxc8 26. Rxe5 dxe5 27. Bg5 R2c5 28. d6 Rd5 29. Be7 f5 30. g3 Kf7 31. Ra1 Rb8 32. Ra7 Ke6 33. Bg5 Rxd6 34. Rxh7 Rxb2 35. Rg7 Kd5 36. Kg2 Ke4 37. Re7 Rc6 38. Bf4 Rcc2 39. Be3 g5 40. h4 f4 41. gxf4 gxf4 42. Ba7 Rb3 43. Rg7 Kf5 44. h5 Rc6 45. Rh7 Kg5 46. Rh8 Rb7 47. Bb8 Re7 48. Rg8+ Kf5 49. f3 Rc2+ 50. Kh1 Rd7 51. h6 Rd1+ 52. Rg1 Rxg1+ 53. Kxg1 Rc6 0-1

[Event "Elit(LASK-Vaxjo)"]
[Site "?"]
[Date "2025.01.18"]
[Round "5"]
[White "Lindberg, Bengt"]
[Black "Smith, Axel"]
[Result "1-0"]
[WhiteElo "2343"]
[BlackElo "2430"]
[PlyCount "123"]
[SourceVersionDate "2025.01.31"]

1. e4 e5 2. Nf3 Nc6 3. Bb5 a6 4. Ba4 b5 5. Bb3 Na5 6. O-O d6 7. d4 exd4 8. Nxd4 Bb7 9. c4 c5 10. Nf5 g6 11. Ne3 Nf6 12. Nc3 Bg7 13. cxb5 Nxb3 14. Qxb3 O-O 15. bxa6 Bxa6 16. Rd1 Re8 17. Qc2 Qe7 18. f3 Qe5 19. Ned5 Nxd5 20. Nxd5 Ra7 21. Rb1 Qe6 22. b4 Bd4+ 23. Rxd4 cxd4 24. Qd2 Bc4 25. Qxd4 Bxd5 26. Bb2 f6 27. Qxa7 Bxa2 28. Bxf6 Qf7 29. Qxf7+ Kxf7 30. Rb2 Bc4 31. Bd4 Rb8 32. Kf2 Ke6 33. Ke3 Ra8 34. b5 Ra2 35. Rxa2 Bxa2 36. b6 Kd7 37. g4 Bc4 38. f4 Ba6 39. f5 Ke7 40. Kf4 Bb7 41. e5 gxf5 42. gxf5 dxe5+ 43. Kxe5 Ba6 44. f6+ Kd7 45. f7 Ke7 46. f8=Q+ Kxf8 47. Kd6 Bb7 48. Kc7 Bh1 49. b7 Bxb7 50. Kxb7 Kf7 51. Be5 Ke6 52. Bb8 Kd7 53. Kb6 Kc8 54. Bg3 Kd7 55. Kc5 Ke7 56. Kd5 Kd7 57. Ke5 Ke7 58. Kf5 Kf7 59. Kg5 Kg7 60. Be5+ Kf7 61. Kh6 Kg8 62. h4 1-0

[Event "Elit(Rockaden, Stockholm-Stockholms SS)"]
[Site "?"]
[Date "2025.01.18"]
[Round "5"]
[White "Sorensen, Hampus"]
[Black "Cederstam, Carl"]
[Result "1/2-1/2"]
[WhiteElo "2424"]
[BlackElo "2301"]
[PlyCount "61"]
[SourceVersionDate "2025.01.29"]

1. e4 e5 2. Nf3 Nc6 3. Bb5 Nf6 4. O-O Nxe4 5. Re1 Nd6 6. Nxe5 Nxe5 7. Rxe5+ Be7 8. Bf1 O-O 9. d4 Ne8 10. Nc3 d6 11. Re1 Bg5 12. Bd3 Bxc1 13. Rxc1 Nf6 14. Qf3 c6 15. Ne4 Nxe4 16. Qxe4 g6 17. Qf4 Kg7 18. c3 Qf6 19. Qg3 h5 20. Re4 Bd7 21. Rce1 Rae8 22. f3 b6 23. Rxe8 Rxe8 24. Rxe8 Bxe8 25. Qe1 Bd7 26. Qe3 Qe6 27. Qxe6 Bxe6 28. a3 h4 29. g3 hxg3 30. hxg3 g5 31. Kf2 1/2-1/2

[Event "Elit(SS 4 Springare-Kristallen)"]
[Site "?"]
[Date "2025.01.18"]
[Round "5"]
[White "Kingsley, Elias"]
[Black "Persson, Andreas"]
[Result "0-1"]
[WhiteElo "2082"]
[BlackElo "2170"]
[PlyCount "86"]
[SourceVersionDate "2025.01.30"]

1. c4 e6 2. Nf3 d5 3. d4 Nf6 4. Nc3 a6 5. c5 b6 6. cxb6 c5 7. Bf4 Bd6 8. Bxd6 Qxd6 9. dxc5 Qxc5 10. Qd4 Qxd4 11. Nxd4 e5 12. Nb3 Nbd7 13. Na4 Rb8 14. Rc1 O-O 15. Na5 Ne4 16. Nc6 Ra8 17. Ne7+ Kh8 18. Rc7 Rb8 19. Nxd5 Rd8 20. f3 Nd6 21. Nb4 Bb7 22. e4 Nb5 23. Bxb5 axb5 24. Nc5 Nxc5 25. Rxc5 Rd6 26. Rxb5 Rc8 27. O-O Rd2 28. Rb1 g6 29. a4 Rcd8 30. Rxe5 R8d4 31. Rb5 Re2 32. Kf1 Rdd2 33. Rg5 h6 34. Rg4 Kg7 35. e5 h5 36. Rg3 h4 37. Rg4 h3 38. Re1 hxg2+ 39. Rxg2 Rxg2 40. Nd3 Rxh2 41. Kg1 Bxf3 42. Nf2 Rg2+ 43. Kh1 Rgxf2+ 0-1

[Event "Elit(LASK-Vaxjo)"]
[Site "?"]
[Date "2025.01.18"]
[Round "5"]
[White "Sjodahl, Pontus"]
[Black "Rydstrom, Tom"]
[Result "1/2-1/2"]
[WhiteElo "2430"]
[BlackElo "2295"]
[PlyCount "57"]
[SourceVersionDate "2025.01.31"]

1. d4 d5 2. c4 c6 3. Nf3 Nf6 4. Qc2 e6 5. g3 dxc4 6. Qxc4 b5 7. Qb3 Bb7 8. Bg2 a6 9. Be3 Nbd7 10. a4 b4 11. Ne5 Nxe5 12. dxe5 Nd5 13. Nd2 Qc7 14. Nc4 Be7 15. O-O O-O 16. Rac1 c5 17. Rc2 Nxe3 18. Qxe3 Bxg2 19. Kxg2 Qc6+ 20. Qf3 Qxa4 21. b3 Qb5 22. Ra1 Rfc8 23. Rca2 h6 24. Qe4 Qc6 25. Qxc6 Rxc6 26. Na5 Rcc8 27. Nc4 Rc6 28. Na5 Rcc8 29. Nc4 1/2-1/2

[Event "Elit(Wasa-Kungstornet)"]
[Site "?"]
[Date "2025.01.18"]
[Round "5"]
[White "Cicak, Slavko"]
[Black "Meshkovs, Nikita"]
[Result "1/2-1/2"]
[WhiteElo "2489"]
[BlackElo "2537"]
[PlyCount "29"]
[SourceVersionDate "2025.01.29"]

1. d4 Nf6 2. Nf3 e6 3. Bg5 b6 4. e4 h6 5. Bxf6 Qxf6 6. Bd3 Bb7 7. Nbd2 d6 8. e5 Qd8 9. Qe2 Be7 10. h4 Nd7 11. O-O-O a6 12. g4 Nf8 13. exd6 cxd6 14. Be4 Bxe4 15. Qxe4 1/2-1/2

[Event "Elit(Eksjo-Limhamn)"]
[Site "?"]
[Date "2025.01.18"]
[Round "5"]
[White "Garriga Cazorla, Pere"]
[Black "Olsson, William"]
[Result "1/2-1/2"]
[WhiteElo "2491"]
[BlackElo "2369"]
[PlyCount "102"]
[SourceVersionDate "2025.01.30"]

1. d4 d5 2. c4 c6 3. Nf3 Nf6 4. Nc3 e6 5. e3 Nbd7 6. Qc2 Bd6 7. Bd3 O-O 8. O-O dxc4 9. Bxc4 b5 10. Be2 Qe7 11. e4 e5 12. Rd1 Bb7 13. Bg5 Rac8 14. dxe5 Nxe5 15. Nd4 Bc5 16. Nf5 Qe6 17. a3 Rfd8 18. Be3 Bxe3 19. Nxe3 Ng6 20. Rxd8+ Rxd8 21. Rd1 Rxd1+ 22. Bxd1 a6 23. Qd3 c5 24. f3 Qb6 25. Nf5 c4+ 26. Qd4 Qxd4+ 27. Nxd4 Nd7 28. b4 cxb3 29. Nxb3 Kf8 30. Kf2 Ke7 31. Ke3 Kd6 32. f4 f6 33. Nd4 Ne7 34. g4 Nb6 35. Bb3 Bc8 36. h3 Kc5 37. Kd3 b4 38. axb4+ Kxb4 39. Be6 Nd7 40. Na2+ Kc5 41. Bf7 Nb6 42. Nc3 Nc6 43. Nxc6 Kxc6 44. Kd4 Kd6 45. Bg8 h6 46. Bb3 h5 47. e5+ fxe5+ 48. fxe5+ Ke7 49. Kc5 Nd7+ 50. Kd4 Nb6 51. Kc5 Nd7+ 1/2-1/2

[Event "Elit(Wasa-Kungstornet)"]
[Site "?"]
[Date "2025.01.18"]
[Round "5"]
[White "Amin, Bassem"]
[Black "Lyrberg, Patrik"]
[Result "1-0"]
[WhiteElo "2648"]
[BlackElo "2439"]
[PlyCount "53"]
[SourceVersionDate "2025.01.29"]

1. e4 e5 2. Nf3 Nc6 3. Bc4 Bc5 4. c3 Nf6 5. d3 d6 6. O-O Bb6 7. Nbd2 O-O 8. a4 a5 9. Bb3 h6 10. Re1 Be6 11. Bc2 Ng4 12. Re2 Qd7 13. Nc4 Ba7 14. h3 Nf6 15. Ne3 Rad8 16. d4 exd4 17. Nxd4 Rfe8 18. Nef5 d5 19. exd5 Nxd4 20. Nxd4 Bxd5 21. Be3 Bc4 22. Rd2 Nd5 23. Bxh6 gxh6 24. Nf5 Ne3 25. Qf3 Qxd2 26. Qg3+ Ng4 27. Qxg4+ 1-0

[Event "Elit(Eksjo-Limhamn)"]
[Site "?"]
[Date "2025.01.18"]
[Round "5"]
[White "Gdanski, Jacek"]
[Black "Hector, Jonny"]
[Result "1/2-1/2"]
[WhiteElo "2484"]
[BlackElo "2434"]
[PlyCount "94"]
[SourceVersionDate "2025.01.30"]

1. c4 e5 2. Nc3 Bb4 3. Nd5 Be7 4. d4 exd4 5. Qxd4 Nf6 6. Nxe7 Qxe7 7. Bg5 Nc6 8. Bxf6 gxf6 9. Qc3 d5 10. cxd5 Nb4 11. a3 Nxd5 12. Qc2 Be6 13. e3 O-O-O 14. Ne2 Rhe8 15. O-O-O Bg4 16. e4 Nb6 17. Rxd8+ Rxd8 18. f3 Be6 19. Nf4 Rd6 20. Kb1 Bd7 21. Bd3 Qe5 22. g3 Na4 23. Rc1 Rb6 24. b3 Rc6 25. Bc4 Nb6 26. Qb2 Nxc4 27. Rxc4 Rd6 28. Nd5 c6 29. Qxe5 fxe5 30. Rc3 Be6 31. Nf6 Rd1+ 32. Kb2 Rh1 33. h4 Rh3 34. Nh5 Kd7 35. b4 Ke7 36. b5 Rh2+ 37. Kc1 cxb5 38. Rc7+ Kd6 39. Rxb7 Kc5 40. Nf6 Bc4 41. Rxa7 Rf2 42. Ng4 Rxf3 43. Nxe5 Rxg3 44. Nxc4 bxc4 45. Rxf7 Kd4 46. Rxh7 Rxa3 47. Rd7+ Kxe4 1/2-1/2

[Event "Elit(Wasa-Kungstornet)"]
[Site "?"]
[Date "2025.01.18"]
[Round "5"]
[White "von Bahr, Oskar"]
[Black "Berg, Emanuel"]
[Result "1/2-1/2"]
[WhiteElo "2363"]
[BlackElo "2502"]
[PlyCount "115"]
[SourceVersionDate "2025.01.29"]

1. Nf3 Nf6 2. g3 b6 3. Bg2 Bb7 4. O-O e6 5. c4 Be7 6. b3 O-O 7. Bb2 c5 8. Nc3 Nc6 9. d4 Nxd4 10. Nxd4 Bxg2 11. Kxg2 cxd4 12. Qxd4 Qc7 13. Rfd1 Rfd8 14. Qf4 d6 15. Rac1 a6 16. f3 Rd7 17. g4 Qd8 18. a4 Ne8 19. Qd2 Rc8 20. Ba3 Rc6 21. Qd3 Qc8 22. f4 Rdc7 23. Qf3 Bf8 24. Bb2 Nf6 25. g5 Ne8 26. h4 f6 27. e4 Rf7 28. Rf1 fxg5 29. hxg5 g6 30. Ne2 e5 31. f5 Ng7 32. f6 Ne6 33. Qg3 Nc5 34. Qf3 h6 35. gxh6 Kh7 36. Rcd1 Ne6 37. Rc1 Ng5 38. Qe3 Qg4+ 39. Ng3 Qh3+ 40. Kg1 Bxh6 41. Rc2 Nxe4 42. Qxe4 Qxg3+ 43. Rg2 Qe3+ 44. Qxe3 Bxe3+ 45. Kh1 Bf4 46. Rxf4 exf4 47. Rh2+ Kg8 48. Rh6 d5 49. cxd5 Rc2 50. Be5 f3 51. Kg1 Rg2+ 52. Kf1 Rg5 53. Bc3 Rd7 54. Rh8+ Kf7 55. Rh7+ Ke8 56. Rh8+ Kf7 57. Rh7+ Ke8 58. Rh8+ 1/2-1/2

[Event "Elit(Eksjo-Limhamn)"]
[Site "?"]
[Date "2025.01.18"]
[Round "5"]
[White "Domingo Nunez, Ruben"]
[Black "Heberla, Bartlomiej"]
[Result "1/2-1/2"]
[WhiteElo "2426"]
[BlackElo "2498"]
[PlyCount "39"]
[SourceVersionDate "2025.01.30"]

1. e4 e5 2. Nf3 Nc6 3. Bc4 Bc5 4. c3 d6 5. a4 a6 6. d3 h6 7. Be3 Nge7 8. O-O Ng6 9. b4 Ba7 10. b5 Nce7 11. Qb3 O-O 12. Nbd2 c6 13. bxc6 bxc6 14. Bxa7 Rxa7 15. a5 d5 16. Qb6 Qxb6 17. axb6 Rb7 18. Bxa6 Rxb6 19. Bxc8 Nxc8 20. Rfb1 1/2-1/2

[Event "Elit(Wasa-Kungstornet)"]
[Site "?"]
[Date "2025.01.18"]
[Round "5"]
[White "Wedberg, Tom"]
[Black "Aronsson, Marten"]
[Result "1/2-1/2"]
[WhiteElo "2344"]
[BlackElo "2313"]
[PlyCount "41"]
[SourceVersionDate "2025.01.29"]

1. e4 e5 2. Nf3 Nc6 3. Bb5 Nf6 4. O-O Nxe4 5. Re1 Nd6 6. a4 Be7 7. Nc3 O-O 8. Nxe5 Nxe5 9. Rxe5 Bf6 10. Re1 c6 11. Bf1 Re8 12. Rxe8+ Nxe8 13. Ne4 d5 14. Nxf6+ Qxf6 15. d4 Nd6 16. c3 Bd7 17. b3 Re8 18. Ba3 Ne4 19. Qc2 Bf5 20. Bd3 Bg6 21. Re1 1/2-1/2

[Event "Elit(Eksjo-Limhamn)"]
[Site "?"]
[Date "2025.01.18"]
[Round "5"]
[White "Lukez, Giamfranko"]
[Black "Johansson, Linus"]
[Result "1/2-1/2"]
[WhiteElo "2276"]
[BlackElo "2404"]
[PlyCount "153"]
[EventDate "2025.??.??"]
[SourceVersionDate "2025.01.30"]

1. Nf3 d5 2. g3 Nf6 3. Bg2 e6 4. O-O Be7 5. d3 O-O 6. c4 c5 7. Nc3 d4 8. Nb1 Nc6 9. e3 h6 10. exd4 cxd4 11. Na3 e5 12. Re1 Nd7 13. Rb1 Re8 14. Nc2 a5 15. a3 a4 16. Bd2 Qb6 17. Bb4 Bf8 18. Qd2 Qd8 19. Bxf8 Nxf8 20. b4 axb3 21. Rxb3 Ra4 22. Rb5 f6 23. Rd5 Bd7 24. Bh3 Qc8 25. Bxd7 Nxd7 26. Qe2 Ne7 27. Rb5 Nc5 28. Nd2 Ra8 29. Ne4 Nxe4 30. Qxe4 Nc6 31. Reb1 Re7 32. R1b3 Kh8 33. Nb4 Nxb4 34. R5xb4 Ra7 35. Rb6 Qd7 36. g4 Qc8 37. h3 Rc7 38. Kg2 Rc6 39. Rxc6 Qxc6 40. Kf3 Kg8 41. Qxc6 bxc6 42. Ke4 Kf7 43. f4 exf4 44. Kxf4 Re7 45. h4 g6 46. a4 Re3 47. g5 fxg5+ 48. hxg5 hxg5+ 49. Kxg5 Re5+ 50. Kf4 Ke6 51. Ra3 g5+ 52. Kf3 Ra5 53. Ke4 c5 54. Ra1 Kd6 55. Kf5 Kc6 56. Kxg5 Ra8 57. Kf4 Re8 58. a5 Kb7 59. Rb1+ Ka6 60. Rb5 Re3 61. Rxc5 Rxd3 62. Ke4 Rd2 63. Rd5 Rd1 64. Rxd4 Re1+ 65. Kd5 Kxa5 66. Kc6 Rh1 67. c5 Rh6+ 68. Rd6 Rh7 69. Rg6 Ka6 70. Kd6 Kb7 71. Rg4 Rh6+ 72. Kd5 Kc7 73. Rg7+ Kc8 74. Kc4 Rf6 75. Kb5 Rh6 76. c6 Rh1 77. Rg8+ 1/2-1/2

[Event "Elit(Vaxjo-Eksjo)"]
[Site "?"]
[Date "2025.01.17"]
[Round "4"]
[White "Vernersson, Per"]
[Black "Lindberg, Bengt"]
[Result "1/2-1/2"]
[WhiteElo "2262"]
[BlackElo "2343"]
[PlyCount "126"]
[SourceVersionDate "2025.01.27"]

1. d4 Nf6 2. c4 e6 3. Nf3 Bb4+ 4. Bd2 Qe7 5. g3 Bxd2+ 6. Qxd2 Nc6 7. Nc3 d5 8. e3 O-O 9. cxd5 exd5 10. Bg2 Rd8 11. O-O Bf5 12. Rfc1 a6 13. Ne1 Ne4 14. Qd1 Rd6 15. Nd3 Nxc3 16. Rxc3 Bxd3 17. Qxd3 Nd8 18. b4 c6 19. a4 Ne6 20. h4 h6 21. Rb1 Nc7 22. Qc2 g5 23. hxg5 hxg5 24. Bf1 Rh6 25. b5 axb5 26. axb5 Nxb5 27. Bxb5 cxb5 28. Qf5 Qe6 29. Qxe6 fxe6 30. Rcb3 Rf6 31. R1b2 Ra5 32. g4 Rf7 33. Kg2 Kg7 34. Rxb5 Rxb5 35. Rxb5 Kf6 36. Rb6 Rc7 37. Kg3 Kf7 38. f4 Rc3 39. Rxb7+ Kf6 40. Kf3 Rc1 41. f5 exf5 42. Rb6+ Kf7 43. gxf5 Rf1+ 44. Kg4 Rg1+ 45. Kh5 g4 46. Kg5 g3 47. Rb7+ Ke8 48. Kf6 Re1 49. Ke6 Rxe3+ 50. Kxd5 Re7 51. Rb8+ Kf7 52. Rb3 g2 53. Rg3 Re2 54. Rg6 Ra2 55. Ke4 Re2+ 56. Kf3 Rd2 57. Ke3 Ra2 58. d5 Ra4 59. Rxg2 Kf6 60. Rf2 Ke5 61. Rd2 Ra3+ 62. Ke2 Kxf5 63. Rd3 Ra7 1/2-1/2